000 00960cam a2200313 a 4500
001 18587
003 BD-RjUL
005 20211209000315.0
008 140220r19781973enk b 001 0 eng
020 _a0333002180
020 _a0333039378 (pbk.)
035 _a(BD-RjUL)18645
035 _a1777915
040 _aLC
_beng
_cLC
_dLC
_dANL
_dBD-RjUL
041 _aeng
082 0 0 _a822.33
_bBRS
100 1 _aBrooke, Nicholas,
_954352
245 1 0 _aShakespeare: Richard II;
_ba casebook /
260 _aLondon :
_bMacmillan,
_c1973 [reprinted 1978]
300 _a256 p. ;
_c20 cm.
490 0 _aCasebook series
504 _aIncludes Bibliography: p. [248]-249 and index.
600 1 0 _aShakespeare, William,
_d1564-1616.
_xHandbooks, manuals, etc.
_957279
600 0 0 _aRichard
_cKing of England,
_d1367-1400,
_xIn literature.
_957280
650 0 _aKings and rulers in literature.
_920426
942 _2ddc
_cBK
999 _c18587
_d18587